00339pab a2200133 454500008004000000100002500040245003900065260000900104300001300113362001100126650001500137700002100152773003200173180718b2003 xxu||||| |||| 00| 0 eng d aKopczakl, Laura Rock aThe supply-chain management effect c2003 ap.27-34. aSpring aManagement aJohnson, M. Eric aMIS Sloan Management Review